[Event "DEM U12w 2021"]
[Site "Willingen GER"]
[Date "2021.08.23"]
[Round "1"]
[White "Hesse, Sariana"]
[Black "Stasaitis, Paulina"]
[Result "0-1"]
[Termination "normal"]
[Board "20"]
[WhiteElo "997"]
[BlackElo "1321"]
[WhiteClock "01:13:56"]
[BlackClock "01:17:55"]
[PlyCount "48"]
[WhiteFideId "34605843"]
[BlackFideId "34606165"]
[EventCountry "GER"]
[EventRounds "9"]
[EventType "swiss"]
[EventDate "2021.08.22"]

1. e4 {[%clk 1:30:58]} c6 {[%clk 1:30:55]} 2. Nc3 {[%clk 1:30:30]} d5 {[%clk
1:31:08]} 3. Bd3 {[%clk 1:29:41]} d4 {[%clk 1:30:40]} 4. Nce2 {[%clk 1:28:41]}
e5 {[%clk 1:30:23]} 5. Nf3 {[%clk 1:28:42]} Bd6 {[%clk 1:30:02]} 6. O-O {[%clk
1:28:03]} Nf6 {[%clk 1:29:31]} 7. Bc4 {[%clk 1:27:17]} a5 {[%clk 1:28:04]} 8.
Ng5 {[%clk 1:27:03]} O-O {[%clk 1:27:32]} 9. d3 {[%clk 1:26:39]} h6 {[%clk
1:27:48]} 10. Nh3 {[%clk 1:24:52]} b5 {[%clk 1:27:11]} 11. Bg5 {[%clk 1:21:58]}
hxg5 {[%clk 1:26:27]} 12. Nxg5 {[%clk 1:22:11]} bxc4 {[%clk 1:26:32]} 13. Ng3
{[%clk 1:21:19]} Qd7 {[%clk 1:23:57]} 14. Nh5 {[%clk 1:19:52]} Qg4 {[%clk
1:23:39]} 15. h3 {[%clk 1:16:31]} Qxh5 {[%clk 1:22:36]} 16. g4 {[%clk 1:15:53]}
Bxg4 {[%clk 1:22:07]} 17. hxg4 {[%clk 1:15:59]} Nxg4 {[%clk 1:22:20]} 18. Nf3
{[%clk 1:15:00]} f5 {[%clk 1:19:52]} 19. Kg2 {[%clk 1:15:00]} fxe4 {[%clk
1:19:25]} 20. dxe4 {[%clk 1:15:09]} Qg6 {[%clk 1:19:06]} 21. Nh4 {[%clk
1:14:30]} Qxe4+ {[%clk 1:18:34]} 22. Kg1 {[%clk 1:14:41]} Qf4 {[%clk 1:18:07]}
23. Nf3 {[%clk 1:14:35]} e4 {[%clk 1:17:55]} 24. Re1 {[%clk 1:13:56]} exf3
{[%clk 1:17:55]} 0-1

[Event "DEM U12w 2021"]
[Site "Willingen GER"]
[Date "2021.08.23"]
[Round "2"]
[White "Hergenröder, Cora"]
[Black "Wartenberg, Alissa"]
[Result "0-1"]
[Termination "normal"]
[Board "1"]
[WhiteElo "1463"]
[BlackElo "1562"]
[WhiteClock "00:01:44"]
[BlackClock "00:16:19"]
[PlyCount "100"]
[WhiteFideId "34603700"]
[BlackFideId "16280741"]
[EventCountry "GER"]
[EventRounds "9"]
[EventType "swiss"]
[EventDate "2021.08.22"]

1. d4 {[%clk 1:30:58]} d5 {[%clk 1:30:56]} 2. c4 {[%clk 1:31:24]} c6 {[%clk
1:31:21]} 3. cxd5 {[%clk 1:31:49]} cxd5 {[%clk 1:31:45]} 4. Nc3 {[%clk
1:32:13]} Nf6 {[%clk 1:32:07]} 5. Bg5 {[%clk 1:32:31]} Ne4 {[%clk 1:32:07]} 6.
Nxe4 {[%clk 1:31:27]} dxe4 {[%clk 1:32:29]} 7. Rc1 {[%clk 1:23:27]} h6 {[%clk
1:28:49]} 8. Bd2 {[%clk 1:18:49]} Bf5 {[%clk 1:16:26]} 9. e3 {[%clk 1:15:45]}
e6 {[%clk 1:07:59]} 10. Qa4+ {[%clk 1:06:47]} Nd7 {[%clk 1:07:42]} 11. Ne2
{[%clk 0:58:02]} Be7 {[%clk 1:02:30]} 12. Nc3 {[%clk 0:50:57]} a6 {[%clk
1:02:18]} 13. d5 {[%clk 0:44:34]} exd5 {[%clk 0:54:25]} 14. Nxd5 {[%clk
0:44:48]} Rc8 {[%clk 0:46:38]} 15. Rxc8 {[%clk 0:42:35]} Qxc8 {[%clk 0:47:02]}
16. Nxe7 {[%clk 0:38:21]} Kxe7 {[%clk 0:47:22]} 17. Bb4+ {[%clk 0:37:28]} Ke8
{[%clk 0:47:28]} 18. Bc3 {[%clk 0:33:41]} Kf8 {[%clk 0:44:51]} 19. Be2 {[%clk
0:29:57]} Kg8 {[%clk 0:41:45]} 20. Bh5 Qc6 {[%clk 0:20:45]} 21. Qa5 {[%clk
0:10:44]} Be6 {[%clk 0:20:00]} 22. Qd8+ {[%clk 0:08:57]} Kh7 {[%clk 0:19:00]}
23. Qe7 {[%clk 0:09:16]} Qd5 {[%clk 0:16:59]} 24. a3 {[%clk 0:07:38]} Qxh5
{[%clk 0:17:23]} 25. O-O {[%clk 0:06:27]} Qg5 {[%clk 0:15:24]} 26. Qb4 {[%clk
0:05:39]} Qd5 {[%clk 0:14:38]} 27. Qa4 {[%clk 0:03:10]} Nc5 {[%clk 0:12:09]}
28. Qc2 {[%clk 0:03:11]} Qd3 {[%clk 0:11:54]} 29. Qc1 {[%clk 0:02:27]} Nb3
{[%clk 0:12:00]} 30. Qe1 {[%clk 0:02:43]} Bc4 {[%clk 0:11:54]} 31. h3 {[%clk
0:01:13]} Qxf1+ {[%clk 0:12:15]} 32. Qxf1 {[%clk 0:01:35]} Bxf1 {[%clk
0:12:42]} 33. Kxf1 {[%clk 0:01:57]} Rd8 {[%clk 0:13:04]} 34. Ke2 {[%clk
0:02:10]} Nc1+ {[%clk 0:13:27]} 35. Ke1 {[%clk 0:02:16]} Nd3+ {[%clk 0:13:50]}
36. Ke2 {[%clk 0:02:36]} Rd6 {[%clk 0:14:09]} 37. f3 {[%clk 0:02:37]} exf3+
{[%clk 0:14:09]} 38. gxf3 {[%clk 0:02:51]} Nc1+ {[%clk 0:14:16]} 39. Ke1 {[%clk
0:02:54]} Nb3 {[%clk 0:14:34]} 40. Bb4 {[%clk 0:03:07]} Rg6 {[%clk 0:14:56]}
41. Kf2 {[%clk 0:03:15]} a5 {[%clk 0:15:01]} 42. Bc3 {[%clk 0:03:13]} b6 {[%clk
0:15:02]} 43. f4 {[%clk 0:03:10]} Nc5 {[%clk 0:15:22]} 44. Bd4 {[%clk 0:03:21]}
Ne4+ {[%clk 0:15:28]} 45. Kf3 {[%clk 0:03:25]} f5 {[%clk 0:15:22]} 46. h4
{[%clk 0:03:28]} Rc6 {[%clk 0:15:07]} 47. Kg2 b5 48. b3 {[%clk 0:02:09]} b4
{[%clk 0:15:34]} 49. a4 {[%clk 0:02:32]} Nd2 {[%clk 0:15:57]} 50. Kg3 {[%clk
0:01:44]} Nxb3 {[%clk 0:16:19]} 0-1

[Event "DEM U12w 2021"]
[Site "Willingen GER"]
[Date "2021.08.23"]
[Round "2"]
[White "Sickmann, Lisa"]
[Black "Moldovan, Stela"]
[Result "1-0"]
[Termination "normal"]
[Board "2"]
[WhiteElo "1462"]
[BlackElo "1251"]
[WhiteClock "01:17:05"]
[BlackClock "00:44:53"]
[PlyCount "57"]
[WhiteFideId "16267818"]
[BlackFideId "16287380"]
[EventCountry "GER"]
[EventRounds "9"]
[EventType "swiss"]
[EventDate "2021.08.22"]

1. e4 {[%clk 1:30:57]} c5 {[%clk 1:30:44]} 2. Nf3 {[%clk 1:31:23]} a6 {[%clk
1:30:53]} 3. c3 {[%clk 1:31:14]} d5 {[%clk 1:31:05]} 4. exd5 {[%clk 1:29:49]}
Qxd5 {[%clk 1:29:05]} 5. d4 {[%clk 1:30:08]} e6 {[%clk 1:28:11]} 6. Bd3 {[%clk
1:30:23]} Nc6 7. O-O {[%clk 1:29:38]} Nf6 {[%clk 1:24:57]} 8. Be3 {[%clk
1:28:59]} Ng4 {[%clk 1:18:11]} 9. Bf4 {[%clk 1:27:12]} cxd4 {[%clk 1:11:43]}
10. cxd4 {[%clk 1:26:10]} Nxd4 {[%clk 1:07:52]} 11. Nxd4 {[%clk 1:26:21]} Qxd4
{[%clk 1:08:07]} 12. Bb5+ {[%clk 1:26:39]} axb5 {[%clk 1:05:16]} 13. Qxd4
{[%clk 1:27:04]} Ra4 {[%clk 1:03:36]} 14. Qd2 {[%clk 1:25:19]} Nf6 {[%clk
1:01:18]} 15. Nc3 {[%clk 1:25:18]} Bb4 {[%clk 0:59:48]} 16. Qe3 {[%clk
1:23:10]} Bxc3 {[%clk 0:59:31]} 17. Qxc3 {[%clk 1:23:06]} O-O {[%clk 0:59:23]}
18. Be5 {[%clk 1:22:23]} Rc4 {[%clk 0:59:19]} 19. Qd3 {[%clk 1:21:48]} Nd5
{[%clk 0:57:40]} 20. Rac1 {[%clk 1:21:41]} Rxc1 {[%clk 0:57:41]} 21. Rxc1
{[%clk 1:22:03]} Bd7 {[%clk 0:57:58]} 22. a3 {[%clk 1:20:10]} Bc6 {[%clk
0:57:38]} 23. Qd4 {[%clk 1:20:12]} f6 {[%clk 0:57:17]} 24. Bd6 {[%clk 1:20:05]}
Rd8 {[%clk 0:56:27]} 25. Bg3 {[%clk 1:18:11]} Rd7 {[%clk 0:55:21]} 26. Qg4
{[%clk 1:17:07]} f5 {[%clk 0:50:38]} 27. Qe2 {[%clk 1:16:52]} Kf7 {[%clk
0:44:41]} 28. Qh5+ {[%clk 1:17:05]} Kg8 {[%clk 0:44:53]} 29. Qe8# 1-0

[Event "DEM U12w 2021"]
[Site "Willingen GER"]
[Date "2021.08.23"]
[Round "2"]
[White "Müller, Riyanna"]
[Black "Burlutskaia, Maria"]
[Result "1-0"]
[Termination "normal"]
[Board "3"]
[WhiteElo "1421"]
[BlackElo "1337"]
[WhiteClock "01:04:06"]
[BlackClock "01:17:12"]
[PlyCount "45"]
[WhiteFideId "16287401"]
[BlackFideId "34607137"]
[EventCountry "GER"]
[EventRounds "9"]
[EventType "swiss"]
[EventDate "2021.08.22"]

1. e4 {[%clk 1:30:56]} e5 {[%clk 1:30:44]} 2. Nf3 {[%clk 1:31:08]} Nc6 {[%clk
1:31:07]} 3. Bc4 {[%clk 1:31:06]} Nf6 {[%clk 1:31:31]} 4. Ng5 {[%clk 1:31:00]}
d5 {[%clk 1:31:52]} 5. exd5 {[%clk 1:31:16]} Na5 {[%clk 1:32:17]} 6. Bb5+
{[%clk 1:30:57]} c6 {[%clk 1:32:39]} 7. dxc6 {[%clk 1:30:57]} bxc6 {[%clk
1:33:03]} 8. Qf3 {[%clk 1:30:34]} Be7 {[%clk 1:33:24]} 9. Bd3 {[%clk 1:27:44]}
h6 {[%clk 1:30:27]} 10. Ne4 {[%clk 1:27:03]} Nd5 {[%clk 1:30:40]} 11. Ng3
{[%clk 1:23:07]} O-O {[%clk 1:29:45]} 12. Bf5 {[%clk 1:21:45]} Bxf5 {[%clk
1:29:42]} 13. Nxf5 {[%clk 1:21:40]} Rb8 {[%clk 1:28:57]} 14. Qg3 {[%clk
1:18:55]} Bf6 {[%clk 1:26:23]} 15. Nxh6+ {[%clk 1:18:02]} Kh7 {[%clk 1:26:43]}
16. Ng4 {[%clk 1:16:56]} e4 {[%clk 1:24:52]} 17. Nxf6+ {[%clk 1:14:39]} Qxf6
{[%clk 1:25:07]} 18. Nc3 {[%clk 1:14:27]} Nc4 {[%clk 1:24:51]} 19. b3 {[%clk
1:11:34]} Nxc3 {[%clk 1:24:14]} 20. dxc3 {[%clk 1:10:30]} Ne5 {[%clk 1:23:18]}
21. O-O {[%clk 1:06:47]} Rh8 {[%clk 1:20:46]} 22. Re1 {[%clk 1:05:20]} Rbd8
{[%clk 1:17:12]} 23. Bg5 {[%clk 1:04:06]} 1-0

[Event "DEM U12w 2021"]
[Site "Willingen GER"]
[Date "2021.08.23"]
[Round "2"]
[White "Müller, Cosima"]
[Black "Pröttel, Ela"]
[Result "1-0"]
[Termination "normal"]
[Board "4"]
[WhiteElo "1389"]
[BlackElo "1182"]
[WhiteClock "01:19:50"]
[BlackClock "00:00:33"]
[PlyCount "37"]
[WhiteFideId "34601490"]
[BlackFideId "44582749"]
[EventCountry "GER"]
[EventRounds "9"]
[EventType "swiss"]
[EventDate "2021.08.22"]

1. e4 {[%clk 1:30:58]} d5 {[%clk 1:30:51]} 2. exd5 {[%clk 1:31:23]} Qxd5 {[%clk
1:31:17]} 3. Nc3 {[%clk 1:31:45]} Qa5 {[%clk 1:31:22]} 4. d4 {[%clk 1:32:02]}
Nf6 {[%clk 1:31:41]} 5. Nf3 {[%clk 1:32:17]} Nc6 {[%clk 1:31:40]} 6. Bd2 {[%clk
1:32:24]} a6 {[%clk 1:31:39]} 7. Bc4 {[%clk 1:31:43]} Qh5 {[%clk 1:31:26]} 8.
Qe2 {[%clk 1:30:23]} Bg4 {[%clk 1:28:15]} 9. Be3 {[%clk 1:26:22]} O-O-O {[%clk
0:43:57]} 10. O-O-O {[%clk 1:26:09]} e5 {[%clk 0:28:20]} 11. d5 {[%clk
1:23:04]} Na5 {[%clk 0:00:36]} 12. Bb3 {[%clk 1:21:43]} Nxb3+ {[%clk 0:00:37]}
13. axb3 {[%clk 1:22:06]} e4 {[%clk 0:00:38]} 14. h3 {[%clk 1:21:26]} exf3
{[%clk 0:00:40]} 15. Qd2 {[%clk 1:20:27]} Bd7 {[%clk 0:00:43]} 16. g4 {[%clk
1:21:26]} Qg6 {[%clk 0:00:39]} 17. Bf4 {[%clk 1:20:52]} Bb4 {[%clk 0:00:37]}
18. Qd4 {[%clk 1:20:01]} c5 {[%clk 0:00:33]} 19. Qe5 {[%clk 1:19:50]} 1-0

[Event "DEM U12w 2021"]
[Site "Willingen GER"]
[Date "2021.08.23"]
[Round "2"]
[White "Stasaitis, Paulina"]
[Black "Haug, Mara"]
[Result "1-0"]
[Termination "normal"]
[Board "5"]
[WhiteElo "1321"]
[BlackElo "1366"]
[WhiteClock "00:50:45"]
[BlackClock "00:56:36"]
[PlyCount "75"]
[WhiteFideId "34606165"]
[BlackFideId "16259300"]
[EventCountry "GER"]
[EventRounds "9"]
[EventType "swiss"]
[EventDate "2021.08.22"]

1. d4 {[%clk 1:30:58]} Nf6 {[%clk 1:30:49]} 2. Bf4 {[%clk 1:31:20]} c5 {[%clk
1:31:14]} 3. c3 {[%clk 1:31:23]} Qb6 {[%clk 1:31:34]} 4. Qd2 {[%clk 1:30:52]}
d5 {[%clk 1:29:55]} 5. e3 {[%clk 1:25:43]} Nc6 {[%clk 1:28:19]} 6. g3 {[%clk
1:22:34]} Bf5 {[%clk 1:27:00]} 7. Bg2 {[%clk 1:20:51]} e6 {[%clk 1:24:23]} 8.
Ne2 {[%clk 1:18:29]} Be7 {[%clk 1:21:48]} 9. dxc5 {[%clk 1:14:53]} Bxc5 {[%clk
1:18:55]} 10. Nd4 {[%clk 1:11:41]} Nxd4 {[%clk 1:17:02]} 11. exd4 {[%clk
1:10:52]} Be7 {[%clk 1:16:27]} 12. Be5 {[%clk 1:03:09]} O-O {[%clk 1:12:02]}
13. O-O {[%clk 1:01:52]} Ne4 {[%clk 1:09:53]} 14. Qe2 {[%clk 0:59:37]} Bg5
{[%clk 1:08:41]} 15. f3 {[%clk 0:57:27]} Nd6 {[%clk 1:07:24]} 16. Bxd6 {[%clk
0:57:03]} Qxd6 {[%clk 1:07:34]} 17. f4 {[%clk 0:57:08]} Be7 {[%clk 1:06:55]}
18. g4 {[%clk 0:56:22]} Bxb1 {[%clk 1:06:44]} 19. Raxb1 {[%clk 0:54:31]} f5
{[%clk 1:00:52]} 20. Rbe1 {[%clk 0:53:31]} Bh4 {[%clk 0:59:20]} 21. Qxe6+
{[%clk 0:50:25]} Qxe6 {[%clk 0:59:44]} 22. Rxe6 {[%clk 0:50:47]} Rad8 {[%clk
0:58:55]} 23. gxf5 {[%clk 0:50:20]} Rxf5 24. Re5 Rxe5 {[%clk 0:58:14]} 25. fxe5
{[%clk 0:50:42]} Be7 {[%clk 0:58:06]} 26. Bh3 {[%clk 0:50:50]} Rf8 {[%clk
0:57:18]} 27. Be6+ {[%clk 0:50:51]} Kh8 {[%clk 0:57:32]} 28. Bxd5 {[%clk
0:50:11]} Rxf1+ 29. Kxf1 {[%clk 0:50:29]} b6 {[%clk 0:57:40]} 30. Ke2 {[%clk
0:50:42]} g6 {[%clk 0:57:56]} 31. Kd3 {[%clk 0:50:39]} Kg7 {[%clk 0:57:51]} 32.
Kc4 {[%clk 0:50:55]} a6 {[%clk 0:57:09]} 33. Bb7 {[%clk 0:51:07]} a5 {[%clk
0:56:03]} 34. Kb5 {[%clk 0:50:03]} Bd8 {[%clk 0:56:27]} 35. Kc6 {[%clk
0:50:11]} Kf7 {[%clk 0:56:28]} 36. Kd7 {[%clk 0:50:32]} Bg5 {[%clk 0:56:48]}
37. d5 {[%clk 0:50:39]} b5 {[%clk 0:56:36]} 38. d6 {[%clk 0:50:45]} 1-0

[Event "DEM U12w 2021"]
[Site "Willingen GER"]
[Date "2021.08.23"]
[Round "2"]
[White "Neininger, Sarah"]
[Black "Schube, Theresa"]
[Result "1-0"]
[Termination "normal"]
[Board "6"]
[WhiteElo "1434"]
[BlackElo "1262"]
[WhiteClock "01:14:08"]
[BlackClock "00:55:00"]
[PlyCount "96"]
[WhiteFideId "16287410"]
[BlackFideId "34608800"]
[EventCountry "GER"]
[EventRounds "9"]
[EventType "swiss"]
[EventDate "2021.08.22"]

1. e4 {[%clk 1:30:55]} e5 {[%clk 1:30:43]} 2. Nf3 {[%clk 1:31:16]} Nc6 {[%clk
1:30:54]} 3. Bb5 {[%clk 1:31:31]} a6 {[%clk 1:30:55]} 4. Ba4 {[%clk 1:31:53]}
Nge7 {[%clk 1:30:40]} 5. O-O {[%clk 1:32:01]} g6 {[%clk 1:30:17]} 6. c3 {[%clk
1:31:53]} Bg7 {[%clk 1:29:39]} 7. d4 {[%clk 1:31:08]} O-O {[%clk 1:23:27]} 8.
d5 {[%clk 1:29:15]} Na7 {[%clk 1:22:51]} 9. d6 {[%clk 1:29:10]} Nec6 {[%clk
1:21:51]} 10. Qd5 {[%clk 1:26:11]} b5 {[%clk 1:19:40]} 11. Bb3 {[%clk 1:25:07]}
Bb7 {[%clk 1:18:12]} 12. Bg5 {[%clk 1:24:09]} Qc8 {[%clk 1:16:16]} 13. Rd1
{[%clk 1:22:28]} Nd4 {[%clk 1:14:29]} 14. Qc5 {[%clk 1:22:11]} Ne6 {[%clk
1:13:38]} 15. Bxe6 {[%clk 1:22:15]} fxe6 {[%clk 1:13:19]} 16. Qxc7 {[%clk
1:21:39]} Bxe4 {[%clk 1:12:20]} 17. Nbd2 {[%clk 1:19:49]} Qxc7 {[%clk 1:09:07]}
18. dxc7 {[%clk 1:20:10]} Bd5 {[%clk 1:09:05]} 19. Nb3 {[%clk 1:18:11]} Rac8
{[%clk 1:07:56]} 20. Be7 {[%clk 1:18:06]} Bxf3 {[%clk 1:07:13]} 21. gxf3 {[%clk
1:18:25]} Rxf3 {[%clk 1:04:33]} 22. Rxd7 {[%clk 1:18:28]} Nc6 {[%clk 1:04:44]}
23. Rd8+ {[%clk 1:17:20]} Nxd8 {[%clk 1:03:55]} 24. cxd8=Q+ {[%clk 1:17:38]}
Rxd8 {[%clk 1:04:12]} 25. Bxd8 {[%clk 1:17:57]} e4 {[%clk 1:02:41]} 26. Nc5
{[%clk 1:18:06]} e3 {[%clk 1:02:05]} 27. fxe3 {[%clk 1:17:53]} Rxe3 {[%clk
1:01:48]} 28. Nxa6 {[%clk 1:17:45]} Re2 {[%clk 1:01:52]} 29. Rb1 {[%clk
1:16:58]} e5 {[%clk 1:01:49]} 30. Nc7 {[%clk 1:15:45]} e4 {[%clk 1:01:09]} 31.
Nxb5 {[%clk 1:15:59]} h6 {[%clk 0:59:51]} 32. Bh4 {[%clk 1:15:20]} e3 {[%clk
0:59:55]} 33. Nd4 {[%clk 1:15:14]} Bxd4 {[%clk 0:59:49]} 34. cxd4 {[%clk
1:15:36]} Rd2 {[%clk 1:00:03]} 35. Re1 {[%clk 1:14:25]} e2 {[%clk 1:00:12]} 36.
Kf2 {[%clk 1:14:28]} Rxb2 {[%clk 1:00:08]} 37. Rxe2 {[%clk 1:14:46]} Rb4 {[%clk
1:00:17]} 38. Rd2 {[%clk 1:14:41]} Kf7 {[%clk 1:00:03]} 39. Bg3 {[%clk
1:14:03]} Rb6 {[%clk 0:57:07]} 40. d5 {[%clk 1:14:16]} Ke7 {[%clk 0:56:38]} 41.
d6+ {[%clk 1:14:25]} Kd7 {[%clk 0:56:41]} 42. Bf4 {[%clk 1:14:33]} h5 {[%clk
0:56:25]} 43. Kg3 {[%clk 1:14:46]} Rb5 {[%clk 0:56:17]} 44. Rc2 {[%clk
1:14:20]} g5 {[%clk 0:55:53]} 45. Bd2 {[%clk 1:13:41]} Kxd6 {[%clk 0:55:27]}
46. a4 {[%clk 1:13:57]} Rd5 {[%clk 0:54:55]} 47. a5 {[%clk 1:13:50]} Rd3+
{[%clk 0:54:51]} 48. Kg2 {[%clk 1:14:08]} Ra3 {[%clk 0:55:00]} 1-0

[Event "DEM U12w 2021"]
[Site "Willingen GER"]
[Date "2021.08.23"]
[Round "2"]
[White "Eger, Nora"]
[Black "Bauer, Laura Sophie"]
[Result "0-1"]
[Termination "normal"]
[Board "7"]
[WhiteElo "1281"]
[BlackElo "1309"]
[WhiteClock "00:46:05"]
[BlackClock "00:22:00"]
[PlyCount "94"]
[WhiteFideId "34605827"]
[BlackFideId "16253647"]
[EventCountry "GER"]
[EventRounds "9"]
[EventType "swiss"]
[EventDate "2021.08.22"]

1. Nf3 {[%clk 1:30:56]} d5 {[%clk 1:30:55]} 2. g3 {[%clk 1:31:12]} Nc6 {[%clk
1:30:55]} 3. Bg2 {[%clk 1:31:30]} Nf6 {[%clk 1:31:06]} 4. O-O {[%clk 1:31:33]}
Bf5 {[%clk 1:30:24]} 5. d3 {[%clk 1:31:06]} e5 {[%clk 1:29:51]} 6. Nbd2 {[%clk
1:29:25]} Qd7 {[%clk 1:28:45]} 7. c4 {[%clk 1:28:06]} d4 {[%clk 1:26:17]} 8. a3
{[%clk 1:25:23]} a5 {[%clk 1:21:00]} 9. Qc2 {[%clk 1:20:19]} Bh3 {[%clk
1:16:23]} 10. Ng5 {[%clk 1:14:37]} Bxg2 {[%clk 1:15:56]} 11. Kxg2 {[%clk
1:13:47]} h5 {[%clk 1:12:24]} 12. Ndf3 Be7 {[%clk 0:57:37]} 13. Bd2 {[%clk
1:13:41]} a4 {[%clk 0:49:24]} 14. c5 Nh7 {[%clk 0:40:53]} 15. Qc4 {[%clk
1:07:40]} Nxg5 {[%clk 0:39:45]} 16. Bxg5 {[%clk 1:06:35]} Na5 {[%clk 0:30:05]}
17. Qc2 {[%clk 1:02:16]} f6 18. Bd2 {[%clk 1:01:27]} Nb3 {[%clk 0:29:03]} 19.
Rab1 {[%clk 0:58:33]} Bxc5 {[%clk 0:28:02]} 20. Nh4 {[%clk 0:54:07]} g5 {[%clk
0:25:01]} 21. Nf3 {[%clk 0:52:08]} h4 {[%clk 0:24:12]} 22. Bc1 {[%clk 0:48:22]}
hxg3 {[%clk 0:23:12]} 23. fxg3 {[%clk 0:48:33]} Qh3+ {[%clk 0:23:12]} 24. Kf2
{[%clk 0:47:11]} g4 {[%clk 0:22:41]} 25. Ng1 {[%clk 0:47:04]} Qxh2+ {[%clk
0:22:54]} 26. Ke1 {[%clk 0:47:21]} Qxg3+ {[%clk 0:23:00]} 27. Kd1 {[%clk
0:46:35]} Rh1 {[%clk 0:23:11]} 28. e4 {[%clk 0:44:39]} dxe3 {[%clk 0:21:01]}
29. Qe2 {[%clk 0:42:41]} Rxg1 {[%clk 0:20:41]} 30. Rxg1 {[%clk 0:42:51]} Qxg1+
{[%clk 0:21:04]} 31. Qe1 {[%clk 0:42:58]} Qxe1+ {[%clk 0:20:38]} 32. Kxe1
{[%clk 0:43:21]} f5 {[%clk 0:20:40]} 33. Ke2 {[%clk 0:43:36]} f4 {[%clk
0:21:03]} 34. Ke1 {[%clk 0:43:13]} f3 {[%clk 0:21:23]} 35. Kf1 {[%clk 0:43:38]}
f2 {[%clk 0:21:32]} 36. Ke2 {[%clk 0:43:58]} Nxc1+ {[%clk 0:21:14]} 37. Rxc1
{[%clk 0:44:20]} Bb6 {[%clk 0:21:07]} 38. Kf1 {[%clk 0:44:39]} O-O-O {[%clk
0:21:09]} 39. Rd1 {[%clk 0:44:41]} g3 {[%clk 0:21:22]} 40. Rc1 {[%clk 0:43:50]}
Rxd3 {[%clk 0:21:39]} 41. Rb1 {[%clk 0:44:09]} Rd2 {[%clk 0:21:55]} 42. Kg2 e2
{[%clk 0:22:03]} 43. Kxg3 {[%clk 0:44:33]} e1=Q {[%clk 0:21:10]} 44. Rxe1
{[%clk 0:44:59]} fxe1=Q+ {[%clk 0:21:20]} 45. Kg4 {[%clk 0:45:21]} Rf2 {[%clk
0:21:18]} 46. Kg3 {[%clk 0:45:41]} Qg1+ {[%clk 0:21:42]} 47. Kh3 {[%clk
0:46:05]} Rh2# {[%clk 0:22:00]} 0-1

[Event "DEM U12w 2021"]
[Site "Willingen GER"]
[Date "2021.08.23"]
[Round "2"]
[White "Trunz, Tamila"]
[Black "Tran, Hanna Emilie Mai Hoa"]
[Result "1-0"]
[Termination "normal"]
[Board "8"]
[WhiteElo "1353"]
[BlackElo "1077"]
[WhiteClock "00:08:41"]
[BlackClock "01:37:08"]
[PlyCount "109"]
[WhiteFideId "16267885"]
[BlackFideId "16267869"]
[EventCountry "GER"]
[EventRounds "9"]
[EventType "swiss"]
[EventDate "2021.08.22"]

1. e4 {[%clk 1:30:57]} e5 {[%clk 1:30:55]} 2. Nf3 {[%clk 1:31:14]} Nc6 {[%clk
1:31:19]} 3. Bb5 {[%clk 1:31:27]} a6 {[%clk 1:31:35]} 4. Ba4 {[%clk 1:31:41]}
Nf6 {[%clk 1:31:41]} 5. O-O {[%clk 1:30:38]} b5 {[%clk 1:30:50]} 6. Bb3 {[%clk
1:30:53]} Bb7 {[%clk 1:30:21]} 7. c3 {[%clk 1:29:15]} Bc5 {[%clk 1:30:16]} 8.
Re1 {[%clk 1:27:45]} O-O {[%clk 1:29:55]} 9. d4 {[%clk 1:25:40]} Bb6 {[%clk
1:28:23]} 10. Nxe5 {[%clk 1:20:11]} Nxe5 {[%clk 1:28:27]} 11. dxe5 {[%clk
1:20:13]} Nxe4 {[%clk 1:28:46]} 12. Rf1 {[%clk 1:12:25]} Re8 {[%clk 1:28:41]}
13. Bf4 {[%clk 1:05:31]} Qh4 {[%clk 1:27:44]} 14. Be3 {[%clk 1:00:50]} Bxe3
{[%clk 1:26:38]} 15. fxe3 {[%clk 1:00:58]} Ng5 {[%clk 1:25:10]} 16. Rf4 {[%clk
0:51:37]} Qh6 {[%clk 1:23:58]} 17. Qxd7 {[%clk 0:45:41]} Qg6 {[%clk 1:23:48]}
18. Qf5 {[%clk 0:43:45]} Qxf5 {[%clk 1:19:05]} 19. Rxf5 {[%clk 0:44:06]} h6
{[%clk 1:19:11]} 20. Nd2 {[%clk 0:41:20]} g6 {[%clk 1:17:07]} 21. Rf6 {[%clk
0:38:52]} Rxe5 {[%clk 1:16:59]} 22. Rxg6+ {[%clk 0:37:05]} Kh7 {[%clk 1:17:05]}
23. Rf6 {[%clk 0:37:06]} Bd5 {[%clk 1:15:47]} 24. e4 {[%clk 0:32:33]} Bxb3
{[%clk 1:15:35]} 25. axb3 {[%clk 0:32:40]} Nxe4 {[%clk 1:15:34]} 26. Nxe4
{[%clk 0:32:55]} Rxe4 {[%clk 1:15:58]} 27. Rxf7+ {[%clk 0:33:11]} Kg8 {[%clk
1:14:42]} 28. Rxc7 {[%clk 0:32:32]} Rf8 {[%clk 1:14:08]} 29. h3 {[%clk
0:31:07]} Rf6 {[%clk 1:13:01]} 30. c4 {[%clk 0:26:18]} Re2 {[%clk 1:11:59]} 31.
Rd1 {[%clk 0:15:33]} bxc4 {[%clk 1:10:45]} 32. bxc4 {[%clk 0:14:59]} Rxb2
{[%clk 1:10:43]} 33. c5 {[%clk 0:14:22]} Rc2 {[%clk 1:10:46]} 34. c6 {[%clk
0:10:48]} a5 {[%clk 1:09:54]} 35. Rc8+ {[%clk 0:05:22]} Rf8 {[%clk 1:08:01]}
36. Rxf8+ Kxf8 {[%clk 1:08:26]} 37. Ra1 {[%clk 0:02:00]} Rxc6 {[%clk 1:08:24]}
38. Rxa5 {[%clk 0:02:25]} Kg7 {[%clk 1:08:42]} 39. Kf2 {[%clk 0:02:04]} Rf6+
{[%clk 1:08:59]} 40. Ke3 {[%clk 0:01:39]} Re6+ {[%clk 1:09:17]} 41. Kf4 {[%clk
0:01:04]} Kg6 {[%clk 1:09:19]} 42. g4 {[%clk 0:24:42]} Rf6+ {[%clk 1:38:50]}
43. Kg3 {[%clk 0:22:26]} Rf1 {[%clk 1:37:50]} 44. h4 {[%clk 0:16:26]} Rg1+
{[%clk 1:37:56]} 45. Kf3 {[%clk 0:16:35]} Rf1+ {[%clk 1:38:19]} 46. Kg2 {[%clk
0:16:27]} Rf4 {[%clk 1:38:40]} 47. h5+ {[%clk 0:12:42]} Kg7 {[%clk 1:38:53]}
48. Ra7+ {[%clk 0:12:14]} Kf6 {[%clk 1:38:55]} 49. Kg3 {[%clk 0:11:23]} Re4
{[%clk 1:38:09]} 50. Rh7 {[%clk 0:10:40]} Kg5 {[%clk 1:37:37]} 51. Rg7+ {[%clk
0:10:14]} Kf6 {[%clk 1:37:44]} 52. Rg6+ {[%clk 0:10:27]} Ke5 {[%clk 1:37:31]}
53. Rxh6 {[%clk 0:10:10]} Re3+ {[%clk 1:37:46]} 54. Kh4 {[%clk 0:09:42]} Rf3
{[%clk 1:37:08]} 55. Kg5 {[%clk 0:08:41]} 1-0